Adelantos en Microbiología y enfermedades infecciosas

Salvato in:
Dettagli Bibliografici
Autore principale: Coto, Celia E
Natura: Libro
Lingua:spagnolo
Pubblicazione: Buenos Aires, Argentina CPC 1982
Soggetti:
Tags: Aggiungi Tag
Nessun Tag, puoi essere il primo ad aggiungerne!!

MARC

LEADER 00000nam a2200000 a 4500
001 UCL4725
003 CL-VaPUC
005 20230411074547.0
008 040123e19820000AG |||||||||||||||||spa|d
999 |c 307502  |d 307500 
020 |a 9500620059 
040 |c Pontificia Universidad Católica de Valparaíso 
082 0 4 |a 616.01 COT 1982  |2 21 
100 0 |a Coto, Celia E  |9 482363 
245 1 0 |a Adelantos en Microbiología y enfermedades infecciosas 
260 0 3 |a Buenos Aires, Argentina  |b CPC  |c 1982 
300 |a v 
583 |a last modification  |c 20040123 00:00:00  |k Rodrigo Vera 
650 0 |a Microbiología   |9 259706 
650 0 |a Inmunología  |9 329894 
650 0 |a Enfermedades infecciosas  |9 337719 
942 |c BK  |2 ddc 
945 |d 20040123 00:00:00  |a cmena 
952 |0 0  |1 0  |4 0  |6 616_010000000000000_COT_1982  |7 0  |8 A  |9 373484  |a BIBCUR  |b BIBCUR  |d 2019-11-21  |h v.1  |i 2110792  |o 616.01 COT 1982  |p 2110792  |r 2025-04-22  |t 1  |w 2019-11-21  |y BK  |k BIO 
952 |0 0  |1 0  |4 0  |6 616_010000000000000_COT_1982  |7 0  |8 A  |9 373485  |a BIBCUR  |b BIBCUR  |d 2019-11-21  |h v.2  |i 4681282  |o 616.01 COT 1982  |p 4681282  |r 2025-04-22  |t 1  |w 2019-11-21  |y BK  |k BCB